000 00801nam a22002891c 4500
001 067654371
008 150618s1998 gw a||| 000u ger d
020 _a3872947877
_93-87294-787-7
041 _ager
245 0 0 _aHandbuch der deutschen Reformbewegungen :
_b1880 - 1933 /
_cDiethart Kerbs ... (Hg.)
264 _aWuppertal :
_bHammer,
_c1998
300 _a624 S. : Ill., graph. Darst., Kt.
648 0 _a1880-1933
650 0 _aReformbewegung
650 0 _aJugendbewegung
650 0 _aKunst
650 0 _aErziehung
650 0 _aReligion
650 0 _aLebensreform
651 0 _aDeutschland
655 0 _aAufsatzsammlung
700 1 _aKerbs, Diethart
_eHerausgeberIn
700 1 _aReulecke, Jürgen
_eHerausgeberIn
942 _cMG
040 _cRU-10907106
003 RU-10907106
999 _c35800
_d35800